| 000 | 01153nam a2200253 i 4500 | ||
|---|---|---|---|
| 001 | 161285 | ||
| 003 | ES-MaACL | ||
| 005 | 20241214063030.0 | ||
| 008 | 931025s1762 sp f |||| | spa d | ||
| 100 | 1 |
_aPalafox y Mendoza, Juan de, _d1600-1659 _9239354 |
|
| 245 | 1 | 0 |
_aObras del ilustrissimo, excelentissimo y venerable siervo de Dios, Don Juan de Palafox y Mendoza, ... Obispo... de Osma... : _bTomo IV : tratados doctrinales de la Naturaleza de Dios... |
| 260 |
_aEn Madrid : _ben la imprenta de Don Gabriel Ramirez..., _c1762. |
||
| 300 |
_a[16], 632 p., [1] h. de grab. ; _cFol. |
||
| 530 | _aDisponible en formato digital. | ||
| 597 | _aSign.: a-2a4, A-Z4, 2A-2Z4, 3A-3Z4, 4A-4K4. | ||
| 597 | _aPort. con grab. calc. | ||
| 599 | _aGrab. calc en p. 5 : "G.Gill" | ||
| 600 | 0 | 4 |
_aJesucristo. _966361 |
| 700 | 1 |
_aRamírez, Gabriel. _9131598 |
|
| 740 | 0 | 2 | _aTratados doctrinales de la naturaleza de Dios. |
| 852 | 4 |
_aES-MaACL _jR-2010 _z- Enc. piel original de la época |
|
| 856 | 4 |
_uhttps://bibliotecadigital.jcyl.es/es/consulta/registro.do?id=7210 _zBiblioteca Digital de Castilla y León |
|
| 999 |
_c161285 _d161285 |
||